APEC Schools

Introductory microeconomics / (Record no. 7360)

000 -LEADER
fixed length control field nam a22 7a 4500
005 - DATE AND TIME OF LATEST TRANSACTION
control field 20190523065948.0
008 - FIXED-LENGTH DATA ELEMENTS--GENERAL INFORMATION
fixed length control field 190523b xxu||||| |||| 00| 0 eng d
020 ## - IDENTIFIER FOR THE MANIFESTATION
Identifier for the Manifestation 9789712367359
Binding paperback
040 ## - CATALOGING SOURCE
Language of Cataloging eng
Transcribing Agency APEC Schools Library
Description Conventions rda
082 ## - DEWEY DECIMAL CLASSIFICATION NUMBER
Classification number F 338.5
Author's Number P149m 2014
100 ## - CREATOR
Preferred Name of the Person Pagoso, Cristobal M.
245 ## - TITLE AND STATEMENT OF RESPONSIBILITY
Preferred Title Proper Introductory microeconomics /
Statement of Responsibility/Parallel Statement of Responsibility Cristobal M. Pagoso
250 ## - EDITION STATEMENT
Designation of Edition/Designation of a Named Revision of an Edition Fourth edition.
264 ## - PUBLICATION STATEMENT
Place of publication, distribution, etc Manila, PH :
Publisher's Name/Parallel Publisher's Name Rex Bookstore,
Copyright ©2014.
300 ## - PHYSICAL DESCRIPTION
Extent xiii, 237 pages ;
336 ## - RDA CONTENT
Source rdacontent
Content Type text
337 ## - RDA MEDIA
Source rdamedia
Media Type unmediated
338 ## - RDA CARRIER
Source rdacarrier
Carrier Type volume
650 ## - ADDED SUBJECT ACCESS POINT - TOPICAL TERM
Topical Term Microeconomics.
942 ## - ADDED ENTRY ELEMENTS (KOHA)
Source of Classification
Koha Item Type Non Fiction
Holdings
Library Site Location Shelving Location Source of Acquisition Full Classification Number Accession Number Koha Item Type
APEC Doña Juana Library APEC Doña Juana Library Filipiniana Institutional Fund F 338.5 P149m 2014 A02-0000021 Non Fiction

Powered by Koha